[Event "Russian Championship G15 2016"]
[Site "Loo"]
[Date "2016.04.28"]
[Round "9.14"]
[White "Filippova, Margarita"]
[Black "Serditykh, Olesya"]
[Result "1-0"]
[WhiteElo "1710"]
[BlackElo "1844"]
[PlyCount "135"]
[EventDate "2016.04.20"]

1. d4 d5 2. c4 c6 3. Nf3 Nf6 4. Nc3 dxc4 5. a4 Bf5 6. e3 e6 7. Bxc4 Bb4 8. Ne5
h6 9. O-O O-O 10. f3 Nbd7 11. Nxd7 Nxd7 12. e4 Bg6 13. Bb3 Rc8 14. Qc2 Nf6 15.
Rd1 c5 16. Be3 Qe7 17. Kh1 a6 18. Rac1 Rfd8 19. dxc5 Bxc5 20. Qf2 Bb4 21. Ne2
Nd7 22. Nf4 Bh7 23. Nd3 Bd6 24. Bd4 Nb8 25. Bc3 Nc6 26. Qe1 Qc7 27. Qh4 Qe7 28.
Qg4 Qg5 29. Qxg5 hxg5 30. Bd2 g4 31. Bg5 Re8 32. Nf2 Be5 33. Nxg4 Bxb2 34. Rb1
Bd4 35. Ba2 Rb8 36. Bf4 e5 37. Be3 Bxe3 38. Nxe3 b5 39. Rd7 Bg6 40. Rd6 Ne7 41.
a5 b4 42. Nd5 Nxd5 43. Bxd5 Kf8 44. Rxa6 Rec8 45. h3 Rc5 46. Rb6 Rbc8 47. Ra1
R8c7 48. Rxb4 Ra7 49. Rb8+ Ke7 50. Rb7+ Rc7 51. Rb6 f6 52. a6 Be8 53. Bb7 Bd7
54. Rab1 Kd8 55. Bd5 Bc8 56. Bb7 Bd7 57. Kh2 Bc8 58. Bxc8 Kxc8 59. Rd6 Rc4 60.
Rbd1 Kb8 61. Rd8+ Rc8 62. Rb1+ Kc7 63. Rxc8+ Kxc8 64. Rb7 Rxa6 65. Rxg7 Kd8 66.
Kg3 Ke8 67. Kg4 Kf8 68. Rg6 1-0

[Event "Russian Championship G15 2016"]
[Site "Loo"]
[Date "2016.04.28"]
[Round "9.15"]
[White "Kurkova, Sofia"]
[Black "Smagina, Sofya"]
[Result "1/2-1/2"]
[WhiteElo "1700"]
[BlackElo "1800"]
[PlyCount "103"]
[EventDate "2016.04.20"]

1. b4 Nf6 2. Bb2 d5 3. Nf3 g6 4. e3 Bg7 5. c4 O-O 6. d4 Bf5 7. Nc3 c6 8. Be2 a5
9. b5 cxb5 10. Nxb5 Nc6 11. O-O Rc8 12. Qb3 Be6 13. c5 Ne4 14. Rab1 b6 15. Rfc1
bxc5 16. dxc5 d4 17. Qa3 dxe3 18. fxe3 Bxb2 19. Qxb2 Qd5 20. Bc4 Qxc5 21. Bxe6
Qxe3+ 22. Kh1 fxe6 23. Re1 Qd3 24. Rbd1 Qc4 25. Rc1 Qb4 26. Qe2 Rb8 27. Rxc6
Qxb5 28. Rc4 Ng5 29. Rec1 Qf5 30. Nxg5 Qxg5 31. Qxe6+ Kg7 32. Rc7 Rf7 33. R7c5
Qf6 34. Qxf6+ Rxf6 35. Rxa5 Rb2 36. a4 Rff2 37. Rg1 Rfe2 38. Ra7 Kh6 39. a5 Ra2
40. Ra8 Re5 41. a6 Re6 42. a7 Rea6 43. Re8 Rxa7 44. Re1 Rf2 45. h3 Rf7 46. Kg1
Kg5 47. Re5+ Kf6 48. Re1 Rb7 49. Kh2 Ra7 50. Kg1 Ra6 51. g4 g5 52. Rg8 1/2-1/2

[Event "Russian Championship G15 2016"]
[Site "Loo"]
[Date "2016.04.28"]
[Round "9.16"]
[White "Urvacheva, Arina"]
[Black "Titievskaya, Elizaveta"]
[Result "0-1"]
[WhiteElo "1750"]
[BlackElo "1725"]
[PlyCount "98"]
[EventDate "2016.04.20"]

1. d4 Nf6 2. Nf3 c5 3. e3 cxd4 4. exd4 d5 5. Bd3 Nc6 6. b3 g6 7. O-O Bg7 8. Bb2
O-O 9. Re1 a5 10. a4 Qb6 11. c3 Bg4 12. Nbd2 Bh6 13. Qc2 Rac8 14. Qb1 Qc7 15.
h3 Be6 16. Nf1 Nh5 17. Bc1 Bg7 18. Bxg6 hxg6 19. Rxe6 fxe6 20. Qxg6 Nf4 21.
Bxf4 Qxf4 22. Ng5 Qxf2+ 23. Kh2 Qf5 24. Qxe6+ Qxe6 25. Nxe6 Rf6 26. Nc5 Rc7 27.
Re1 e5 28. Ng3 e4 29. Nh5 Rf2 30. Ne6 Rcf7 31. Nhxg7 Rxg7 32. Nxg7 Kxg7 33. Re3
Rd2 34. Kg1 Ne7 35. g4 Ng6 36. Kf1 Nh4 37. Ke1 Rb2 38. Kd1 Nf3 39. c4 Rd2+ 40.
Kc1 Rxd4 41. cxd5 Kf6 42. Kc2 Ke5 43. Kc3 Rxd5 44. Kc4 Ng5 45. h4 Ne6 46. Kc3
Kf4 47. Re1 Rc5+ 48. Kd2 Nd4 49. Rg1 Nf3+ 0-1

[Event "Russian Championship G15 2016"]
[Site "Loo"]
[Date "2016.04.28"]
[Round "9.17"]
[White "Chemborisova, Elina"]
[Black "Stroganova, Karina"]
[Result "1/2-1/2"]
[WhiteElo "1738"]
[BlackElo "1704"]
[PlyCount "81"]
[EventDate "2016.04.20"]

1. e4 e5 2. Nf3 Nc6 3. Bc4 Nf6 4. d4 exd4 5. e5 d5 6. Bb5 Ne4 7. Nxd4 Bd7 8.
Bxc6 bxc6 9. O-O Bc5 10. Be3 Bb6 11. f3 Ng5 12. f4 Ne4 13. f5 c5 14. e6 cxd4
15. exd7+ Qxd7 16. Bxd4 O-O 17. Bxb6 axb6 18. Nd2 Qb5 19. Nxe4 dxe4 20. f6 Qxb2
21. Qg4 g6 22. Qxe4 Rxa2 23. Rxa2 Qxa2 24. Qf4 Kh8 25. Qxc7 Qe6 26. Qf4 Qc6 27.
Qd2 Rc8 28. Qh6 Rg8 29. Qd2 Rc8 30. Qh6 Rg8 31. Qd2 Qc5+ 32. Qf2 Qxf2+ 33. Kxf2
Rc8 34. Rd1 Rxc2+ 35. Kg3 Rc8 36. Rd7 Kg8 37. Rb7 h5 38. Rxb6 Kh7 39. Rb7 Rc3+
40. Kf2 Rc2+ 41. Kg3 1/2-1/2

[Event "Russian Championship G15 2016"]
[Site "Loo"]
[Date "2016.04.28"]
[Round "9.18"]
[White "Litvinova, Kseniya"]
[Black "Krivonos, Kristina"]
[Result "1/2-1/2"]
[WhiteElo "1616"]
[BlackElo "1367"]
[PlyCount "74"]
[EventDate "2016.04.20"]

1. f4 d5 2. Nf3 g6 3. e3 Bg7 4. Nc3 f5 5. b3 Nf6 6. Bb2 O-O 7. d4 Nbd7 8. Be2
c5 9. Na4 Ne4 10. O-O b6 11. c4 Bb7 12. Rc1 Rc8 13. dxc5 Bxb2 14. Nxb2 Ndxc5
15. Nd4 Qd7 16. Bf3 Ne6 17. Ne2 Rfd8 18. Bxe4 dxe4 19. Qxd7 Rxd7 20. Rfd1 Rcd8
21. Rxd7 Rxd7 22. Rd1 Rxd1+ 23. Nxd1 Kf8 24. Ndc3 Ke8 25. Kf2 Kd7 26. Nb5 a6
27. Nbd4 Nc5 28. Nc3 Nd3+ 29. Ke2 e5 30. fxe5 Nxe5 31. Na4 Kc7 32. Ne6+ Kd6 33.
Nd4 Kc7 34. Ne6+ Kd6 35. Nd4 Kc7 36. Ne6+ Kd6 37. Nd4 Kc7 1/2-1/2

[Event "Russian Championship G15 2016"]
[Site "Loo"]
[Date "2016.04.28"]
[Round "9.19"]
[White "Eliseeva, Maia"]
[Black "Znamenskaya, Darya"]
[Result "1-0"]
[WhiteElo "1729"]
[BlackElo "1589"]
[PlyCount "59"]
[EventDate "2016.04.20"]

1. e4 c6 2. d4 d5 3. e5 c5 4. c3 cxd4 5. cxd4 Nc6 6. Nf3 Bg4 7. Be2 Qb6 8. Nc3
Bxf3 9. Bxf3 e6 10. Be3 Qxb2 11. Rc1 Qb6 12. O-O Bb4 13. Bg4 Nge7 14. f4 a6 15.
f5 Nxe5 16. fxe6 fxe6 17. Na4 Qa7 18. Bxe6 b5 19. Nc5 Nc4 20. Bf7+ Kd8 21. Ne6+
Kd7 22. Bf4 Kc6 23. Qf3 h6 24. Nxg7 Qxd4+ 25. Kh1 Qxg7 26. Bg3 Qg5 27. Qe2 Qd2
28. Qe6+ Kb7 29. Qd7+ Kb6 30. Qc7# 1-0

[Event "Russian Championship G15 2016"]
[Site "Loo"]
[Date "2016.04.28"]
[Round "9.20"]
[White "Trofimova, Angelina"]
[Black "Mavrova, Kseniya"]
[Result "0-1"]
[WhiteElo "1635"]
[BlackElo "1727"]
[PlyCount "120"]
[EventDate "2016.04.20"]

1. e4 e6 2. d4 d5 3. Nc3 Nf6 4. e5 Nfd7 5. f4 c5 6. Nf3 Nc6 7. Be3 Be7 8. Be2
a6 9. Na4 cxd4 10. Nxd4 Qa5+ 11. c3 Nxd4 12. Bxd4 b5 13. b4 Qxa4 14. Qc1 Bxb4
15. cxb4 Qxb4+ 16. Qc3 Qxc3+ 17. Bxc3 Nb6 18. Bd4 Nc4 19. a4 Bb7 20. Rc1 O-O
21. O-O Rfc8 22. Rfe1 b4 23. Rb1 a5 24. Rb3 Nd2 25. Rd3 Ne4 26. Rb3 Nc5 27. Rb2
Nxa4 28. Ra2 Nc3 29. Raa1 Nxe2+ 30. Rxe2 a4 31. Rb2 b3 32. Kf1 Ba6+ 33. Ke1 Bc4
34. Ra3 Bb5 35. g4 Bd7 36. h4 Rc4 37. Be3 Rac8 38. Kd2 h6 39. g5 hxg5 40. hxg5
Rc1 41. Bd4 Kh7 42. Kd3 Bb5+ 43. Kd2 Kg6 44. Be3 R1c2+ 45. Rxc2 Rxc2+ 46. Kd1
Be2+ 47. Ke1 b2 48. Bd2 b1=Q+ 49. Kxe2 Rxd2+ 50. Kxd2 Qb2+ 51. Ke3 Qxa3+ 52.
Kd4 Qb2+ 53. Kc5 a3 54. f5+ Kxf5 55. g6 Kxg6 56. Kd6 a2 57. Ke7 a1=R 58. Ke8
Qb5+ 59. Kf8 Qd7 60. Kg8 Ra8# 0-1

[Event "Russian Championship G15 2016"]
[Site "Loo"]
[Date "2016.04.28"]
[Round "9.21"]
[White "Strukova, Ksenia"]
[Black "Krikunova, Olesya"]
[Result "1-0"]
[WhiteElo "1822"]
[BlackElo "1756"]
[PlyCount "103"]
[EventDate "2016.04.20"]

1. e4 d6 2. d4 Nf6 3. Nc3 e5 4. Nf3 Nbd7 5. Bc4 Be7 6. O-O O-O 7. a4 c6 8. Re1
exd4 9. Nxd4 Ne5 10. Bf1 Re8 11. h3 Bd7 12. Be3 Qc7 13. f4 Ng6 14. Qf3 Rad8 15.
Rad1 a6 16. g4 Bc8 17. Bf2 b5 18. axb5 axb5 19. b4 Bf8 20. Ra1 Bb7 21. Nb3 Ra8
22. Na5 Bc8 23. g5 Nd7 24. h4 d5 25. exd5 Rxe1 26. Rxe1 Bxb4 27. Nxc6 Bxc3 28.
Qxc3 Qxf4 29. Re8+ Ndf8 30. Qc5 Bb7 31. Rxa8 Bxa8 32. Qb4 Qxb4 33. Nxb4 Ne7 34.
d6 Nf5 35. Bxb5 Nxd6 36. Bd3 Be4 37. Be2 Nd7 38. c4 Nb7 39. Na6 f6 40. gxf6
Nxf6 41. c5 Bc6 42. Nb4 Nd8 43. Bg3 Kf7 44. Bc7 Ne6 45. Bc4 Be4 46. c6 h6 47.
Be5 Ke7 48. c7 Bb7 49. Nc6+ Kd7 50. Nb8+ Ke7 51. Nc6+ Kd7 52. Bxe6+ 1-0

[Event "Russian Championship G15 2016"]
[Site "Loo"]
[Date "2016.04.28"]
[Round "9.22"]
[White "Komleva, Ekaterina"]
[Black "Shevchuk, Margarita"]
[Result "1-0"]
[WhiteElo "1808"]
[BlackElo "1636"]
[PlyCount "105"]
[EventDate "2016.04.20"]

1. e4 c6 2. d4 d5 3. Nc3 dxe4 4. Nxe4 Bf5 5. Ng3 Bg6 6. h4 h6 7. Nf3 Nd7 8. Bd3
Bxd3 9. Qxd3 Qc7 10. Bd2 e6 11. O-O-O O-O-O 12. Ne4 Ngf6 13. Nxf6 Nxf6 14. Qe2
Bd6 15. g3 Rhe8 16. Rhe1 c5 17. dxc5 Qxc5 18. Be3 Qa5 19. Kb1 Nd5 20. Qc4+ Kb8
21. Bd4 Rc8 22. Qb3 f6 23. c4 e5 24. Bxe5 Bxe5 25. Rxd5 Rc5 26. Rxc5 Qxc5 27.
Qb5 Qxb5 28. cxb5 Re7 29. Nxe5 fxe5 30. f4 e4 31. Kc2 Re6 32. Kc3 Rg6 33. Re3
Kc7 34. Kd4 Rd6+ 35. Kxe4 Rd2 36. Rc3+ Kb6 37. Rb3 g6 38. Ke5 g5 39. hxg5 hxg5
40. fxg5 Re2+ 41. Kf6 Rf2+ 42. Kg7 Kc7 43. g6 Kd7 44. Kg8 Ke7 45. Rb4 Rg2 46.
Re4+ Kf6 47. g7 Rxg3 48. Rf4+ Ke5 49. Rf2 Rd3 50. Kf7 Rd7+ 51. Kg6 Rd6+ 52. Kh7
Rd7 53. Kh8 1-0

[Event "Russian Championship G15 2016"]
[Site "Loo"]
[Date "2016.04.28"]
[Round "9.23"]
[White "Bogdanova, Natalya"]
[Black "Granovskaya, Ekaterina"]
[Result "1/2-1/2"]
[WhiteElo "1806"]
[BlackElo "1602"]
[PlyCount "81"]
[EventDate "2016.04.20"]

1. e4 e5 2. Nf3 Nc6 3. d4 exd4 4. Bc4 Bc5 5. c3 Nf6 6. e5 d5 7. Bb5 Ne4 8. cxd4
Bb6 9. O-O O-O 10. Bxc6 bxc6 11. Nc3 Bg4 12. Be3 f6 13. Nxe4 dxe4 14. Qb3+ Kh8
15. Nd2 fxe5 16. dxe5 Be2 17. Rfe1 Qd3 18. Nxe4 Qxe4 19. Rxe2 Qxe5 20. Rae1 Qf6
21. Bxb6 cxb6 22. Qg3 Rad8 23. b3 c5 24. h3 Rd7 25. Re6 Qf7 26. R6e3 Rfd8 27.
R3e2 h6 28. Qe3 Qf5 29. Qe4 Qxe4 30. Rxe4 Rd1 31. Kf1 Kg8 32. Re8+ Rxe8 33.
Rxd1 Re7 34. f3 Kf7 35. Rd6 Rc7 36. Ke2 b5 37. Kd3 Ke7 38. Rg6 Kf7 39. Rd6 Ke7
40. Rg6 Kf7 41. Rd6 1/2-1/2

[Event "Russian Championship G15 2016"]
[Site "Loo"]
[Date "2016.04.28"]
[Round "9.24"]
[White "Sargsyan, Anna"]
[Black "Reva, Liubov"]
[Result "1-0"]
[WhiteElo "1783"]
[BlackElo "1594"]
[PlyCount "107"]
[EventDate "2016.04.20"]

1. c4 c5 2. Nc3 Nc6 3. Nf3 g6 4. e3 Bg7 5. d4 cxd4 6. exd4 d6 7. Be3 Bg4 8. Be2
Nf6 9. d5 Bxf3 10. gxf3 Ne5 11. f4 Ned7 12. Rg1 O-O 13. h4 Qa5 14. Qd2 Nc5 15.
Bxc5 Qxc5 16. f5 Rae8 17. h5 Nxh5 18. Bxh5 gxh5 19. O-O-O Kh8 20. Rh1 Bxc3 21.
Qxc3+ f6 22. Qc2 Rc8 23. Rh4 b5 24. Rdd4 Rg8 25. b3 Rg1+ 26. Kb2 Qb4 27. Qe2
Qe1 28. Qxe1 Rxe1 29. Rxh5 Re2+ 30. Ka3 Rg8 31. Rdh4 Rg7 32. cxb5 Rxf2 33. Rh2
Rxh2 34. Rxh2 Rg5 35. Rf2 h5 36. Rf4 Rg4 37. Rf1 Rg5 38. Ka4 Rg8 39. Ka5 Rc8
40. b4 Rc3 41. a4 Ra3 42. Rh1 Kg8 43. Rxh5 Kg7 44. Rh2 Kg8 45. Rg2+ Kf7 46. Rf2
Ke8 47. Rh2 Kd7 48. Rh8 Kc7 49. Re8 Re3 50. Ka6 Ra3 51. a5 Kd7 52. Ra8 Rc3 53.
Rxa7+ Rc7 54. b6 1-0

[Event "Russian Championship G15 2016"]
[Site "Loo"]
[Date "2016.04.28"]
[Round "9.25"]
[White "Alferova, Polina"]
[Black "Gomzina, Alisa"]
[Result "1-0"]
[WhiteElo "1698"]
[BlackElo "1392"]
[PlyCount "113"]
[EventDate "2016.04.20"]

1. d4 d5 2. c4 e6 3. Nc3 Nf6 4. Bf4 dxc4 5. e3 c6 6. Bxc4 Qa5 7. Nge2 Be7 8.
O-O O-O 9. Qc2 Nbd7 10. h3 Qd8 11. Rfd1 b6 12. Rac1 Bb7 13. Bd3 Qc8 14. Ne4 c5
15. Nd6 Bxd6 16. Bxd6 Qc6 17. f3 Qxd6 18. dxc5 Qxc5 19. Qd2 Qe7 20. Rc7 Bd5 21.
e4 Qd8 22. Rxd7 Qxd7 23. exd5 exd5 24. Nd4 Rac8 25. Bf5 Qd6 26. Bxc8 Rxc8 27.
Nf5 Qc5+ 28. Kh1 Re8 29. Nxg7 d4 30. Nxe8 Nxe8 31. Qxd4 Qxd4 32. Rxd4 Nf6 33.
Rd8+ Kg7 34. Ra8 a5 35. Rb8 Nd5 36. Kg1 Kf6 37. Kf2 Kg7 38. g3 Nb4 39. Rxb6
Nxa2 40. Ke3 Nb4 41. Rxb4 axb4 42. f4 Kf6 43. Kd4 Kf5 44. Kc4 Ke4 45. Kxb4 Kf3
46. g4 Kxf4 47. Kc5 Kg3 48. b4 Kxh3 49. b5 Kxg4 50. b6 h5 51. b7 h4 52. b8=Q h3
53. Qh2 f5 54. Kd4 f4 55. Ke4 f3 56. Qg1+ Kh4 57. Kf4 1-0

[Event "Russian Championship G15 2016"]
[Site "Loo"]
[Date "2016.04.28"]
[Round "9.26"]
[White "Grubova, Sofia"]
[Black "Bogdanova, Darya"]
[Result "1/2-1/2"]
[WhiteElo "1630"]
[BlackElo "1695"]
[PlyCount "100"]
[EventDate "2016.04.20"]

1. e4 e6 2. Nf3 d5 3. Nc3 Nf6 4. e5 Nfd7 5. d4 c5 6. dxc5 Bxc5 7. Bd3 Nc6 8.
Bf4 Qb6 9. O-O Qxb2 10. Nb5 O-O 11. Bd2 a6 12. Bc3 Qxa1 13. Qxa1 axb5 14. Bxb5
Na7 15. Bxd7 Bxd7 16. Bd4 Bxd4 17. Nxd4 Nc6 18. Nxc6 Bxc6 19. Qb2 Ra4 20. h3
Rfa8 21. Ra1 h6 22. a3 R8a5 23. Qc3 d4 24. Qd2 Rxe5 25. Rd1 Rg5 26. g3 Rh5 27.
Kh2 Rf5 28. Kg1 Rh5 29. h4 e5 30. Qe2 Rf5 31. Ra1 e4 32. Qd2 Rf3 33. Rf1 e3 34.
Qd1 exf2+ 35. Rxf2 Rxg3+ 36. Kh2 Raxa3 37. Qf1 Rh3+ 38. Qxh3 Rxh3+ 39. Kxh3 Kf8
40. Rf4 Ba4 41. Rf2 Ke7 42. Rd2 Ke6 43. Rxd4 Bxc2 44. Rb4 Kf5 45. Rxb7 Kg6 46.
Kg3 Bf5 47. Kf4 Kf6 48. Rb6+ Be6 49. Rb5 Bd7 50. Rb6+ Be6 1/2-1/2

[Event "Russian Championship B11 1st league 2016"]
[Site "Loo"]
[Date "2016.04.28"]
[Round "9.2"]
[White "Ermolaev, Ivan"]
[Black "Kolchin, Maxim"]
[Result "1-0"]
[WhiteElo "1632"]
[BlackElo "1666"]
[PlyCount "77"]
[EventDate "2016.04.20"]

1. e4 e6 2. d4 d5 3. Nd2 c5 4. exd5 Qxd5 5. Ngf3 cxd4 6. Bc4 Qd6 7. O-O Nf6 8.
Nb3 Nc6 9. Nbxd4 Nxd4 10. Nxd4 a6 11. a4 Qc7 12. Qe2 Bd7 13. Bg5 Bd6 14. h3
O-O-O 15. b4 h6 16. Be3 g5 17. b5 a5 18. b6 Qb8 19. Nb5 Bh2+ 20. Kh1 Qe5 21. g3
Bxg3 22. fxg3 Ne4 23. Bf2 Bxb5 24. Bxb5 Rd2 25. Qc4+ Kb8 26. Qc7+ Qxc7 27.
bxc7+ Kxc7 28. Be1 Rd4 29. Bxa5+ Kb8 30. Rxf7 Rc8 31. Bd3 Nd6 32. Rf6 e5 33.
Bb6 Rd5 34. Re1 Re8 35. Bg6 Rc8 36. Re6 Nc4 37. Bd3 Nd2 38. R1xe5 Rd7 39. Re8
1-0

[Event "Russian Championship B11 1st league 2016"]
[Site "Loo"]
[Date "2016.04.28"]
[Round "9.4"]
[White "Fridman, Roman A"]
[Black "Kuzmin, Roman"]
[Result "0-1"]
[WhiteElo "1591"]
[BlackElo "1756"]
[PlyCount "64"]
[EventDate "2016.04.20"]

1. e4 e5 2. Nf3 Nc6 3. Bb5 a6 4. Ba4 d6 5. O-O Nf6 6. d4 exd4 7. Nxd4 Bd7 8.
Bxc6 bxc6 9. c4 c5 10. Nc2 Be7 11. Nc3 O-O 12. Re1 Ng4 13. h3 Ne5 14. b3 f5 15.
Bb2 c6 16. exf5 Bxf5 17. Ne4 Ng6 18. Ng3 Bd7 19. Ne3 Qc7 20. Qc2 Rf7 21. Nef5
Raf8 22. Nxe7+ Nxe7 23. Re2 Ng6 24. Rae1 Qd8 25. Ne4 Bf5 26. Qc3 Nf4 27. Rd2
Bxe4 28. Rxe4 Qg5 29. g3 Nxh3+ 30. Kg2 Nxf2 31. Rde2 Ng4 32. Qd3 Qh5 0-1

[Event "Russian Championship B11 1st league 2016"]
[Site "Loo"]
[Date "2016.04.28"]
[Round "9.5"]
[White "Tretyakov, Vladimir"]
[Black "Mochalov, Dmitriy"]
[Result "1-0"]
[WhiteElo "1809"]
[BlackElo "1558"]
[PlyCount "151"]
[EventDate "2016.04.20"]

1. e4 c5 2. Nf3 e6 3. d4 cxd4 4. Nxd4 a6 5. Bd3 Qc7 6. Nc3 Nf6 7. O-O Be7 8.
Kh1 O-O 9. f4 d6 10. a4 Nbd7 11. Be3 Nc5 12. Nb3 Bd7 13. Nxc5 dxc5 14. e5 Nd5
15. Nxd5 exd5 16. c3 Rad8 17. Qc2 h6 18. Rf3 f5 19. Rf2 Be6 20. Rd2 Rd7 21. Be2
Qd8 22. Rad1 Qe8 23. Bf3 Qf7 24. Qd3 Rfd8 25. Qe2 Bf8 26. Qf2 Qe7 27. g3 g6 28.
Qg2 Qf7 29. Qe2 Qe7 30. Qg2 Qf7 31. Qe2 Qe7 32. a5 Kh7 33. Qg2 Qf7 34. Qf2 Qe7
35. Rb1 Kg8 36. b4 cxb4 37. cxb4 Qf7 38. Bc5 Bxc5 39. Qxc5 Qe7 40. Qxe7 Rxe7
41. Rbd1 Red7 42. Rd4 Kf7 43. Rc1 Ke7 44. Kg2 h5 45. Kf2 Kf7 46. Ke3 Ke7 47.
Rd2 Kf7 48. Kd4 Ke7 49. Rdc2 Kf7 50. Rc7 Ke7 51. Rxd7+ Rxd7 52. Rc5 Ke8 53.
Bxd5 Bxd5 54. Rxd5 Rc7 55. Rd6 Kf7 56. Rf6+ Kg7 57. Rb6 Kf7 58. Kd5 Rd7+ 59.
Kc5 Rc7+ 60. Kd6 Re7 61. b5 axb5 62. Rxb5 Re6+ 63. Kc7 Re7+ 64. Kb8 Ke6 65.
Rb6+ Kf7 66. Rxb7 Rxb7+ 67. Kxb7 Ke6 68. a6 Kd5 69. a7 Kd4 70. a8=Q Ke3 71. e6
Kf2 72. e7 Kg1 73. Qa2 Kf1 74. e8=Q h4 75. Qee2+ Kg1 76. Qb1# 1-0

[Event "Russian Championship B11 1st league 2016"]
[Site "Loo"]
[Date "2016.04.28"]
[Round "9.6"]
[White "Shirkunov, Alexander"]
[Black "Danchenko, Artemiy"]
[Result "1-0"]
[WhiteElo "1556"]
[BlackElo "1770"]
[PlyCount "137"]
[EventDate "2016.04.20"]

1. d4 g6 2. c4 d6 3. Nc3 Bg7 4. e4 Nd7 5. Nf3 e5 6. Be2 Ngf6 7. Be3 Ng4 8. Bg5
f6 9. Bc1 O-O 10. O-O f5 11. Ng5 Ndf6 12. f3 exd4 13. Qxd4 Ne5 14. c5 Nxe4 15.
Qd5+ Kh8 16. fxe4 dxc5 17. Qxd8 Rxd8 18. Bf4 Rf8 19. Rad1 h6 20. Nf3 Nxf3+ 21.
Bxf3 Bd4+ 22. Kh1 c6 23. Bxh6 Rd8 24. Bg5 Rd6 25. Ne2 Be6 26. Nxd4 cxd4 27.
Rxd4 Rxd4 28. Bf6+ Kg8 29. Bxd4 Bxa2 30. exf5 Rd8 31. Bxa7 gxf5 32. Rd1 Re8 33.
Bb6 Kg7 34. Rd7+ Kg6 35. Rxb7 Re6 36. Rc7 Bd5 37. Bxd5 cxd5 38. Bg1 Rd6 39. Rc1
d4 40. Rd1 d3 41. Be3 Kh5 42. g3 Kg6 43. Bf4 Rd8 44. b4 Rd7 45. Kg2 Kf6 46. Kf3
Rh7 47. h4 Rb7 48. Rb1 Ke6 49. Bd2 Kd5 50. Ke3 Rg7 51. Be1 Rg4 52. Kxd3 Rd4+
53. Ke3 Re4+ 54. Kf3 Rd4 55. b5 Re4 56. b6 Re8 57. b7 Rb8 58. Bd2 Kc6 59. Bf4
Rxb7 60. Rxb7 Kxb7 61. h5 Kc8 62. h6 Kd7 63. h7 Ke7 64. Bc1 Kf7 65. h8=Q Kg6
66. Qf8 f4 67. Kxf4 Kh5 68. Qg8 Kh6 69. Kg4# 1-0

[Event "Russian Championship B11 1st league 2016"]
[Site "Loo"]
[Date "2016.04.28"]
[Round "9.7"]
[White "Shemyakinskiy, Nikita"]
[Black "Andreev, Aleksei"]
[Result "1/2-1/2"]
[WhiteElo "1371"]
[BlackElo "1629"]
[PlyCount "100"]
[EventDate "2016.04.20"]

1. e4 e5 2. Nf3 Nc6 3. Bb5 a6 4. Bxc6 dxc6 5. O-O Bg4 6. h3 h5 7. c3 Bc5 8. d3
Qf6 9. Be3 Bb6 10. Qe2 Ne7 11. Nbd2 Ng6 12. Bxb6 cxb6 13. Qe3 c5 14. hxg4 hxg4
15. Nh2 Qh4 16. Qg3 Qg5 17. Ndf3 Qh6 18. Qxg4 Nf4 19. Rfd1 Rd8 20. Qg5 Qxg5 21.
Nxg5 Nxd3 22. Nhf3 Rh1+ 23. Kxh1 Nxf2+ 24. Kg1 Rxd1+ 25. Rxd1 Nxd1 26. Nh3 f6
27. Nh4 Nxb2 28. Nf5 Kf8 29. Nf2 Na4 30. Nd1 b5 31. Nd6 b6 32. Nf5 c4 33. Kf2
Nc5 34. Kf3 Nd3 35. Nfe3 a5 36. Nd5 b4 37. cxb4 axb4 38. Nxb6 c3 39. Ne3 Nc1
40. Nbd5 Nxa2 41. Ke2 b3 42. Kd3 b2 43. Kc2 g6 44. Nd1 f5 45. N1xc3 Nxc3 46.
Nxc3 fxe4 47. Nxe4 Kf7 48. Kxb2 Ke6 49. Kc3 Kf5 50. Kd3 Kf4 1/2-1/2

[Event "Russian Championship B11 1st league 2016"]
[Site "Loo"]
[Date "2016.04.28"]
[Round "9.8"]
[White "Ivanov, Artem"]
[Black "Belov, Danila"]
[Result "1/2-1/2"]
[WhiteElo "1577"]
[BlackElo "1557"]
[PlyCount "159"]
[EventDate "2016.04.20"]

1. e4 d5 2. exd5 Qxd5 3. Nf3 Bg4 4. Be2 Nf6 5. d4 e6 6. O-O Be7 7. c4 Qd6 8.
Nc3 a6 9. Be3 O-O 10. h3 Bh5 11. Qc2 Nc6 12. Rad1 Bg6 13. Bd3 Nb4 14. c5 Qd8
15. Qb3 Bxd3 16. Rfe1 Bc2 17. Qxb4 Bxd1 18. Rxd1 b6 19. Ne5 Nd5 20. Qc4 Nxc3
21. bxc3 bxc5 22. Qa4 c4 23. Qxc4 Qd5 24. Qe2 Bf6 25. c4 Qd6 26. Qg4 g6 27. f4
Bg7 28. Qf3 Qa3 29. Qe2 Rfd8 30. Bc1 Qd6 31. Qe4 c5 32. Ba3 Rac8 33. Rd3 Bxe5
34. fxe5 Qc7 35. Bxc5 Qc6 36. Qe3 Qd7 37. Ra3 Rc6 38. Kh2 Rb8 39. Qh6 Qc7 40.
Qe3 Rb7 41. Rb3 Rxb3 42. axb3 a5 43. Bd6 Rxd6 44. exd6 Qxd6+ 45. Kh1 Qb4 46.
Qd3 Qa3 47. Qd1 Qd6 48. d5 exd5 49. cxd5 h5 50. Qd2 Qb4 51. Qd1 Qd6 52. Qd4 Qb4
53. Qxb4 axb4 54. Kg1 Kf8 55. Kf2 Ke7 56. Ke3 Kd6 57. Kd4 f6 58. g3 g5 59. g4
h4 60. Ke4 Kc5 61. Kf5 Kxd5 62. Kxf6 Kd4 63. Kxg5 Kc3 64. Kxh4 Kxb3 65. g5 Kc3
66. g6 b3 67. g7 b2 68. g8=Q b1=Q 69. Qg7+ Kd2 70. Qd4+ Ke2 71. Qg4+ Kd2 72.
Qg5+ Ke2 73. Qe7+ Kd2 74. Qd7+ Ke2 75. Kh5 Qb8 76. Qe6+ Kd1 77. Qg4+ Kc2 78.
Qg6+ Kd1 79. Qd3+ Ke1 80. Qe3+ 1/2-1/2

[Event "Russian Championship B11 1st league 2016"]
[Site "Loo"]
[Date "2016.04.28"]
[Round "9.9"]
[White "Volkov, Vladislav"]
[Black "Pavlov, Mark"]
[Result "1/2-1/2"]
[WhiteElo "1545"]
[BlackElo "1624"]
[PlyCount "82"]
[EventDate "2016.04.20"]

1. d4 Nf6 2. c4 c5 3. e3 g6 4. Nf3 Bg7 5. Bd2 cxd4 6. exd4 O-O 7. Bd3 d5 8. Bc3
Nc6 9. O-O e6 10. c5 Bd7 11. Na3 b6 12. b4 bxc5 13. bxc5 Rb8 14. Rb1 Qe7 15.
Qe2 Nh5 16. Qe3 f5 17. Bb5 f4 18. Qe2 h6 19. Rfe1 Rbe8 20. Bxc6 Bxc6 21. Qd3 g5
22. Ne5 Bxe5 23. Rxe5 Ng7 24. Rbe1 Rf5 25. Nb5 Rxe5 26. Rxe5 Nf5 27. Nd6 Nxd6
28. cxd6 Qf7 29. Qh3 Qg6 30. Qf3 Bd7 31. h3 Rc8 32. a3 Qb1+ 33. Kh2 Qb3 34. Bb4
Qxf3 35. gxf3 Kf7 36. Re2 Ke8 37. Rd2 Kf7 38. Re2 Ke8 39. Re5 Kf7 40. Bc5 a5
41. Re2 Rb8 1/2-1/2

[Event "Russian Championship B11 1st league 2016"]
[Site "Loo"]
[Date "2016.04.28"]
[Round "9.10"]
[White "Ionochkin, Maksim"]
[Black "Adiyatullin, Timur"]
[Result "1-0"]
[WhiteElo "1761"]
[BlackElo "1420"]
[PlyCount "90"]
[EventDate "2016.04.20"]

1. d4 d5 2. c4 e6 3. cxd5 exd5 4. Nc3 Nf6 5. Bg5 Be7 6. e3 O-O 7. Bd3 h6 8.
Bxf6 Bxf6 9. Nf3 Bg4 10. Qb3 Nc6 11. Qxb7 Qd7 12. Bb5 Bxf3 13. Qxc6 Qxc6 14.
Bxc6 Bxg2 15. Rg1 Bf3 16. Bxa8 Rxa8 17. Rg3 Be4 18. Nxe4 dxe4 19. Rc1 Bd8 20.
Rc6 h5 21. Ke2 h4 22. Rg1 Rb8 23. b3 Kf8 24. Rd1 Rb7 25. Rdc1 Ke7 26. R6c5 f6
27. Rg1 Kf7 28. Rg4 g6 29. Rxh4 f5 30. Rh7+ Kg8 31. Rd7 Rb8 32. Rc6 g5 33. Rc5
f4 34. Rcd5 Bf6 35. Rxc7 f3+ 36. Kd1 Ra8 37. Rf5 Bd8 38. Rcf7 Bb6 39. Rb7 Bd8
40. d5 a6 41. d6 Ba5 42. Rxa5 Rc8 43. d7 Rd8 44. Re5 Rxd7+ 45. Rxd7 Kf8 1-0

[Event "Russian Championship B11 1st league 2016"]
[Site "Loo"]
[Date "2016.04.28"]
[Round "9.11"]
[White "Anikeev, Mark"]
[Black "Kuzminykh, Nikita"]
[Result "1-0"]
[WhiteElo "1707"]
[BlackElo "1388"]
[PlyCount "83"]
[EventDate "2016.04.20"]

1. d4 d5 2. Nf3 e6 3. e3 c5 4. b3 Nf6 5. Bd3 Be7 6. Bb2 O-O 7. Nbd2 b6 8. O-O
Bb7 9. Ne5 Nbd7 10. f4 Rc8 11. Qe2 cxd4 12. exd4 Bb4 13. Rf3 Bxd2 14. Qxd2 Ne4
15. Qe2 Ndf6 16. Rh3 h6 17. Rc1 Nc3 18. Bxc3 Rxc3 19. Bh7+ Kxh7 20. Rxc3 Ne4
21. Re3 Nd6 22. c3 Nf5 23. Rh3 Qe7 24. Qc2 Kh8 25. g4 Nd6 26. g5 Nf5 27. g6 f6
28. Nf3 Rc8 29. Qd2 Qe8 30. Kh1 Qxg6 31. Rg1 Qf7 32. Nh4 Nxh4 33. Rxh4 e5 34.
fxe5 fxe5 35. Rxh6+ Kg8 36. Rh3 e4 37. Rhg3 Rc7 38. Qg5 Ba6 39. Qd8+ Qf8 40.
Qxc7 Be2 41. Rxg7+ Kh8 42. Rh7# 1-0